Riadenie inovácií ako súčasť systému manažmentu kvality diplomová práca

Guardado en:
Detalles Bibliográficos
Autor principal: Kushnir, Khrystyna
Autor Corporativo: Obchodná fakulta EU. Katedra marketingu
Otros Autores: Daneshjo, Naqibullah, 1964-
Formato: Libro
Lenguaje:eslovaco
Publicado: Bratislava 2022
Etiquetas: Agregar Etiqueta
Sin Etiquetas, Sea el primero en etiquetar este registro!

MARC

LEADER 00000nbm a2200000 4500
001 0284227
005 20230110143148.4
041 0 |a slo 
044 |a SK 
245 1 0 |a Riadenie inovácií ako súčasť systému manažmentu kvality  |b diplomová práca  |c Khrystyna Kushnir ; školiteľ: Naqibullah Daneshjo 
264 1 |a Bratislava  |c 2022 
300 |a 91 s. 
100 1 |a Kushnir, Khrystyna 
700 1 |a Daneshjo, Naqibullah, 1964- 
710 2 |a Obchodná fakulta EU. Katedra marketingu